| 000 | 00403nam a2200133 4500 | ||
|---|---|---|---|
| 005 | 20260522151244.0 | ||
| 020 | _a9798886260687 | ||
| 082 |
_a362.107 _bWIL |
||
| 100 |
_aWilson, Donna _914973 |
||
| 245 |
_aIntroduction To Population Based Medical Epidemiology: _cDonna Wilson |
||
| 260 |
_aWilmington: _bSpringer Med Press, _c2026 |
||
| 650 |
_aMedical Epidemiology; Population _914974 |
||
| 942 |
_2ddc _cBK |
||
| 999 |
_c759791 _d759791 |
||